Sports Quiz

Random Sports or Popular Quiz

Popular Minnesota High School Nicknames Quiz Stats

 Plays Quiz not verified by Sporcle

Challenge
Share
Tweet
Embed
Score 0/11 Timer 03:00
0 Plays Today
Number Name % Correct
28Eagles
87.9%
20Tigers
87.9%
16Panthers
69.7%
12Warriors
60.6%
14Cardinals
54.5%
10Bulldogs
54.5%
12Trojans
48.5%
11Falcons
48.5%
10Raiders
45.5%
14Knights
42.4%
10Rebels
18.2%

You're not logged in!

Compare scores with friends on all Sporcle quizzes.
Join for Free
OR
Log In

You Might Also Like...

Show Comments

Extras

Top Quizzes Today


Score Distribution

Your Account Isn't Verified!

In order to create a playlist on Sporcle, you need to verify the email address you used during registration. Go to your Sporcle Settings to finish the process.

Report this User

Report this user for behavior that violates our Community Guidelines.

Details: